[Event "1A liga SSFBiH"]
[Site "Bosanska Krupa, hotel "]
[Date "2018.08.29"]
[Round "7.2"]
[White "Trumic, Enes"]
[Black "Coric, Ahmed"]
[Result "1/2-1/2"]
[WhiteElo "2244"]
[BlackElo "2131"]
[PlyCount "77"]
[EventDate "2018.08.25"]
[EventRounds "9"]
[EventCountry "BIH"]
[WhiteTeam "OŠK Živinice"]
[BlackTeam "ŠK Gracanica"]

1. d4 d5 2. c4 e6 3. Nf3 Nf6 4. g3 dxc4 5. Bg2 Nc6 6. O-O Rb8 7. b3 cxb3 8.
axb3 Be7 9. Bb2 O-O 10. Ne5 Nb4 11. Nc3 a6 12. e4 b5 13. Qd2 Bb7 14. Rad1 Qc8
15. Qe2 Rd8 16. Bh3 c6 17. Nf3 Qc7 18. e5 Ne8 19. Ne4 a5 20. Nfg5 Bxg5 21. Nxg5
Qe7 22. Ne4 Nd5 23. Nc5 b4 24. Ra1 Ra8 25. Rfc1 Bc8 26. Qf3 Ba6 27. Nxa6 Rxa6
28. Bf1 Ra7 29. Rxc6 Rda8 30. Bc4 Nec7 31. Kg2 h6 32. Ra4 Rb8 33. Rc5 Rba8 34.
Ra1 Qd7 35. h4 a4 36. bxa4 Rxa4 37. Rxa4 Qxa4 38. Qd3 Qa7 39. Qe4 1/2-1/2

[Event "1A liga SSFBiH"]
[Site "Bosanska Krupa, hotel "]
[Date "2018.08.29"]
[Round "7.3"]
[White "Avdic, Adnan A"]
[Black "Mahmutbegovic, Muharem"]
[Result "0-1"]
[WhiteElo "2046"]
[BlackElo "2018"]
[PlyCount "72"]
[EventDate "2018.08.25"]
[EventRounds "9"]
[EventCountry "BIH"]
[WhiteTeam "ŠK Gracanica"]
[BlackTeam "OŠK Živinice"]

1. d4 Nf6 2. Bg5 Ne4 3. Bc1 c5 4. f3 Nf6 5. d5 e5 6. e4 d6 7. Bb5+ Nbd7 8. Bg5
Be7 9. Bxf6 Bxf6 10. Nd2 a6 11. Bxd7+ Bxd7 12. Ne2 Bh4+ 13. g3 Bg5 14. h4 Be7
15. Nc4 g6 16. Qd2 b5 17. Ne3 f5 18. h5 Bf6 19. hxg6 hxg6 20. Rxh8+ Bxh8 21.
O-O-O Qf6 22. Rh1 O-O-O 23. a4 b4 24. Qd3 Kb7 25. Rh7 Bg7 26. b3 Rh8 27. Rxh8
Bxh8 28. Nc4 Bg7 29. Kb2 Bh6 30. Nc1 fxe4 31. fxe4 Bg4 32. Na5+ Kb6 33. Nc4+
Ka7 34. Na2 Qf2 35. Nc1 Qe1 36. Na2 Be2 0-1

[Event "1A liga SSFBiH"]
[Site "Bosanska Krupa, hotel "]
[Date "2018.08.29"]
[Round "7.4"]
[White "Sinanovic, Ermin"]
[Black "Mujacic, Haris"]
[Result "1-0"]
[WhiteElo "2155"]
[BlackElo "1972"]
[PlyCount "69"]
[EventDate "2018.08.25"]
[EventRounds "9"]
[EventCountry "BIH"]
[WhiteTeam "OŠK Živinice"]
[BlackTeam "ŠK Gracanica"]

1. e4 e6 2. d4 d5 3. Nd2 Nc6 4. Ngf3 Nf6 5. e5 Nd7 6. c3 f6 7. exf6 Qxf6 8. Qb3
Bd6 9. Bd3 O-O 10. Nf1 Nb6 11. Bg5 Qf7 12. Qc2 g6 13. h4 e5 14. dxe5 Nxe5 15.
Nxe5 Bxe5 16. Ne3 Nc4 17. h5 Nxe3 18. Bxe3 Bf5 19. hxg6 hxg6 20. O-O-O c6 21.
Rh6 Kg7 22. Rdh1 Rh8 23. Bxf5 gxf5 24. g4 Rxh6 25. Bxh6+ Kg6 26. gxf5+ Kf6 27.
f4 Bd6 28. Bg5+ Kg7 29. f6+ Kg8 30. Qh2 Qg6 31. Qh8+ Kf7 32. Qxa8 Qe4 33. Qxb7+
Ke6 34. Qc8+ Kf7 35. Qd7+ 1-0

[Event "1A liga SSFBiH"]
[Site "Bosanska Krupa, hotel "]
[Date "2018.08.29"]
[Round "7.5"]
[White "Nezirovic, Ozren"]
[Black "Ramic, Mirnes"]
[Result "0-1"]
[WhiteElo "2013"]
[BlackElo "2068"]
[PlyCount "66"]
[EventDate "2018.08.25"]
[EventRounds "9"]
[EventCountry "BIH"]
[WhiteTeam "ŠK Gracanica"]
[BlackTeam "OŠK Živinice"]

1. e4 e5 2. Nf3 Nc6 3. Bc4 Bc5 4. c3 Nf6 5. d3 d6 6. Bb3 a6 7. h3 Ba7 8. Nbd2
O-O 9. Nf1 Ne7 10. Ng3 Ng6 11. O-O Be6 12. Bc2 h6 13. Be3 c6 14. d4 b5 15. Nf5
Nh7 16. Qd2 f6 17. d5 cxd5 18. exd5 Bxf5 19. Bxf5 Bxe3 20. fxe3 Ne7 21. Qd3
Nxf5 22. Qxf5 Qc8 23. g4 Qxf5 24. gxf5 Ng5 25. Nxg5 hxg5 26. e4 Rfc8 27. Kf2
Rc4 28. Ke3 Kf7 29. Rac1 Rh8 30. Rf3 Rh4 31. b3 Rcxe4+ 32. Kd3 Ref4 33. Rxf4
Rxh3+ 0-1

[Event "1A liga SSFBiH"]
[Site "Bosanska Krupa, hotel "]
[Date "2018.08.29"]
[Round "7.6"]
[White "Salkic, Mahir"]
[Black "Alic, Selmir"]
[Result "1-0"]
[WhiteElo "2020"]
[BlackElo "2051"]
[PlyCount "75"]
[EventDate "2018.08.25"]
[EventRounds "9"]
[EventCountry "BIH"]
[WhiteTeam "OŠK Živinice"]
[BlackTeam "ŠK Gracanica"]

1. d4 d5 2. Nf3 e6 3. c4 Nf6 4. Bg5 Be7 5. Nc3 O-O 6. e3 h6 7. Bh4 Nbd7 8. cxd5
exd5 9. Bd3 c6 10. Qc2 Re8 11. O-O Nf8 12. Bxf6 Bxf6 13. b4 Bg4 14. Nd2 Qd6 15.
Qb3 Bd8 16. Rfc1 Bc7 17. Nf1 Ng6 18. b5 Nh4 19. bxc6 bxc6 20. Qc2 Bf3 21. gxf3
Qe6 22. f4 Nf3+ 23. Kh1 Qg4 24. Nd2 Nxh2 25. Rg1 Qh4 26. Kg2 Ng4 27. Nf3 Qf6
28. Nxd5 cxd5 29. Qxc7 Nxe3+ 30. fxe3 Rxe3 31. Rad1 Rae8 32. Rge1 g5 33. Rxe3
Rxe3 34. Qc8+ Kg7 35. Qf5 Qb6 36. fxg5 hxg5 37. Qxg5+ Kf8 38. Qxe3 1-0

[Event "1A liga SSFBiH"]
[Site "Bosanska Krupa, hotel "]
[Date "2018.08.29"]
[Round "8.1"]
[White "Markovic, Dino"]
[Black "Kojic, Tigran"]
[Result "0-1"]
[WhiteElo "2010"]
[BlackElo "2340"]
[PlyCount "142"]
[EventDate "2018.08.25"]
[EventRounds "9"]
[EventCountry "BIH"]
[WhiteTeam "ŠK Preporod, Zenica"]
[BlackTeam "ŠK Igman, Konjic"]

1. d4 d5 2. c4 e6 3. Nf3 c5 4. dxc5 Bxc5 5. cxd5 exd5 6. e3 Nf6 7. Be2 O-O 8.
O-O Nc6 9. Nbd2 Bg4 10. h3 Bh5 11. a3 a5 12. Nb3 Bb6 13. Nbd4 Re8 14. b3 Nxd4
15. exd4 Ne4 16. Bb2 Rc8 17. Rc1 Rxc1 18. Qxc1 Ng3 19. fxg3 Rxe2 20. g4 Bg6 21.
Rf2 Rxf2 22. Kxf2 h6 23. g5 h5 24. Qe3 Qc8 25. Qc3 Qxc3 26. Bxc3 Be4 27. Nd2
Bc2 28. b4 a4 29. Nf1 Kf8 30. Ne3 Be4 31. g4 hxg4 32. Nxg4 Ke7 33. Ke3 Ke6 34.
Nf2 Bg2 35. Nd3 Kf5 36. Nc5 Kxg5 37. Nxb7 Bf1 38. Nc5 Bb5 39. Kf3 Bc7 40. Bd2+
Kf5 41. Be3 g5 42. Kf2 Bd6 43. Bd2 Kg6 44. Nb7 Be7 45. Nc5 Kh5 46. Kg2 Bd6 47.
Nb7 Bc7 48. Nc5 g4 49. hxg4+ Kxg4 50. Be3 f5 51. Ne6 Bd6 52. Bf2 f4 53. Kg1 Kf3
54. Bh4 Ke2 55. Bg5 f3 56. Bh4 Be8 57. Bf2 Bh2+ 58. Kxh2 Kxf2 59. Nf4 Ke1 60.
Kg3 f2 61. Ng2+ Ke2 62. Nf4+ Ke3 63. Nxd5+ Kxd4 64. Kxf2 Kxd5 65. Ke3 Kc4 66.
Kd2 Kb3 67. Kc1 Ka2 68. Kc2 Bg6+ 69. Kc1 Kxa3 70. b5 Ka2 71. b6 Be4 0-1

[Event "1A liga SSFBiH"]
[Site "Bosanska Krupa, hotel "]
[Date "2018.08.29"]
[Round "8.2"]
[White "Pastar, Slaven"]
[Black "Bajramovic, Halid"]
[Result "1-0"]
[WhiteElo "2307"]
[BlackElo "2107"]
[PlyCount "75"]
[EventDate "2018.08.25"]
[EventRounds "9"]
[EventCountry "BIH"]
[WhiteTeam "ŠK Igman, Konjic"]
[BlackTeam "ŠK Preporod, Zenica"]

1. d4 Nf6 2. c4 g6 3. Nc3 Bg7 4. e4 d6 5. Bd3 Nc6 6. Nge2 O-O 7. O-O Nd7 8. Bc2
e5 9. d5 Ne7 10. Rb1 a5 11. a3 Nb6 12. b3 c5 13. dxc6 bxc6 14. Be3 Be6 15. Bxb6
Qxb6 16. Qxd6 Nc8 17. Qd2 Rd8 18. Qc1 c5 19. Qe3 Bf8 20. Nd5 Bxd5 21. exd5 Re8
22. f4 Bh6 23. Qh3 Bg7 24. f5 e4 25. Nc3 e3 26. Ne4 Nd6 27. fxg6 fxg6 28. Ng5
h6 29. Ne6 Nf5 30. Bxf5 gxf5 31. Qxf5 Ra7 32. Rf3 Rae7 33. Rxe3 Bd4 34. Nxd4
cxd4 35. Rxe7 Rxe7 36. Rf1 d3+ 37. Kh1 Qe3 38. d6 1-0

[Event "1A liga SSFBiH"]
[Site "Bosanska Krupa, hotel "]
[Date "2018.08.29"]
[Round "8.3"]
[White "Hadzic, Latif"]
[Black "Mrndjic, Muamer"]
[Result "0-1"]
[WhiteElo "2053"]
[BlackElo "2249"]
[PlyCount "70"]
[EventDate "2018.08.25"]
[EventRounds "9"]
[EventCountry "BIH"]
[WhiteTeam "ŠK Preporod, Zenica"]
[BlackTeam "ŠK Igman, Konjic"]

1. e4 e6 2. d4 d5 3. exd5 exd5 4. Nf3 Nf6 5. Bf4 Bd6 6. Bxd6 Qxd6 7. c3 O-O 8.
Be2 Bf5 9. O-O Re8 10. Re1 Nbd7 11. Nbd2 h6 12. Nf1 c5 13. Ng3 Bh7 14. dxc5
Nxc5 15. Nd4 Qb6 16. b4 Nce4 17. Qb3 Rac8 18. Nxe4 Nxe4 19. Rac1 Nxc3 20. Rxc3
Qxd4 21. Rxc8 Rxc8 22. Bf3 Qd2 23. Rd1 Rc1 24. Rxc1 Qxc1+ 25. Qd1 Qxd1+ 26.
Bxd1 Bd3 27. f4 Bc4 28. a3 Kf8 29. Kf2 d4 30. Be2 Bb3 31. Bf3 b6 32. g4 Ke7 33.
Ke2 Bc4+ 34. Kd2 g5 35. fxg5 hxg5 0-1

[Event "1A liga SSFBiH"]
[Site "Bosanska Krupa, hotel "]
[Date "2018.08.29"]
[Round "8.4"]
[White "Zacinovic, Alija"]
[Black "Redzepi, Mehmedalija"]
[Result "1-0"]
[WhiteElo "2171"]
[BlackElo "1883"]
[PlyCount "41"]
[EventDate "2018.08.25"]
[EventRounds "9"]
[EventCountry "BIH"]
[WhiteTeam "ŠK Igman, Konjic"]
[BlackTeam "ŠK Preporod, Zenica"]

1. e4 e6 2. d4 d5 3. Nc3 Nf6 4. Bg5 Be7 5. e5 Nfd7 6. h4 h6 7. Bxe7 Qxe7 8. Qg4
f5 9. Qg3 a6 10. O-O-O Rg8 11. Be2 g6 12. Nh3 Nc6 13. Nf4 Qf7 14. Ncxd5 Kd8 15.
Nc3 g5 16. Bh5 Qe7 17. hxg5 hxg5 18. d5 exd5 19. e6 Nf6 20. Nfxd5 Nxh5 21.
Nxe7+ 1-0

[Event "1A liga SSFBiH"]
[Site "Bosanska Krupa, hotel "]
[Date "2018.08.29"]
[Round "8.5"]
[White "Besirevic, Jasmin"]
[Black "Kovacic, Dubravko"]
[Result "1/2-1/2"]
[WhiteElo "1863"]
[BlackElo "2045"]
[PlyCount "117"]
[EventDate "2018.08.25"]
[EventRounds "9"]
[EventCountry "BIH"]
[WhiteTeam "ŠK Preporod, Zenica"]
[BlackTeam "ŠK Igman, Konjic"]

1. Nf3 Nf6 2. d4 c5 3. c4 g6 4. Nc3 cxd4 5. Nxd4 Bg7 6. g3 O-O 7. Bg2 Nc6 8.
Nxc6 bxc6 9. O-O Qc7 10. Rb1 d6 11. b4 Rb8 12. a3 Be6 13. Qb3 Nd7 14. Bb2 Ne5
15. Nd1 Nxc4 16. Bxg7 Kxg7 17. Rc1 d5 18. e4 Kg8 19. exd5 cxd5 20. Ne3 Qd6 21.
Rfd1 Nxe3 22. Qxe3 Rb7 23. Rc5 Rd8 24. Bxd5 Bxd5 25. Rcxd5 Qxd5 26. Rxd5 Rxd5
27. Qc3 Rbd7 28. b5 f6 29. a4 Kg7 30. Qc4 R5d6 31. a5 Rb7 32. Kg2 e5 33. Qc5
Rdd7 34. Qc6 Rbc7 35. Qa6 h5 36. b6 Rb7 37. h4 axb6 38. axb6 Rb8 39. Qb5 Rdb7
40. Qc6 Rxb6 41. Qc7+ Kh8 42. Qf7 f5 43. Qc7 e4 44. Qf7 R8b7 45. Qe8+ Kh7 46.
Kh2 Rg7 47. Kg2 Rbb7 48. Qe5 Rge7 49. Qf6 Rf7 50. Qe5 Rbe7 51. Qf4 Re6 52. Qe3
Rfe7 53. Kf1 Rd6 54. Kg2 Rd3 55. Qc5 Rg7 56. Qe5 Rf3 57. Kg1 g5 58. hxg5 Rxg5
59. Qe8 1/2-1/2

[Event "1A liga SSFBiH"]
[Site "Bosanska Krupa, hotel "]
[Date "2018.08.29"]
[Round "8.6"]
[White "Zenelaj, Samuel"]
[Black "Kustura, Hajrudin"]
[Result "1-0"]
[WhiteElo "1869"]
[BlackElo "1698"]
[PlyCount "79"]
[EventDate "2018.08.25"]
[EventRounds "9"]
[EventCountry "BIH"]
[WhiteTeam "ŠK Igman, Konjic"]
[BlackTeam "ŠK Preporod, Zenica"]

1. c4 e5 2. Nc3 Nf6 3. Nf3 Nc6 4. e4 Be7 5. d3 h6 6. g3 d6 7. Bg2 Bg4 8. Be3
Qd7 9. O-O a6 10. a3 g5 11. Nd5 Nxd5 12. cxd5 Nd8 13. d4 f6 14. Qc2 O-O 15.
Rac1 Rc8 16. Qb3 Kg7 17. Rc3 f5 18. dxe5 fxe4 19. e6 Qb5 20. Qxb5 axb5 21. Bd4+
Kg8 22. Nd2 c5 23. Bxe4 Ra8 24. Be3 b6 25. Rb3 c4 26. Rb4 Rb8 27. f3 Bxe6 28.
dxe6 d5 29. Bxd5 Rf5 30. Rxb5 Re5 31. Ne4 Kh7 32. Bxc4 Rxb5 33. Bxb5 Nxe6 34.
Rd1 Kg7 35. Bd4+ Kf8 36. Bf6 Bc5+ 37. Nxc5 bxc5 38. Bc4 Nd4 39. Bxd4 cxd4 40.
b3 1-0

[Event "1A liga SSFBiH"]
[Site "Bosanska Krupa, hotel "]
[Date "2018.08.29"]
[Round "8.2"]
[White "Dumpor, Atif"]
[Black "Trkulja, Goran"]
[Result "1/2-1/2"]
[WhiteElo "2303"]
[BlackElo "2295"]
[PlyCount "23"]
[EventDate "2018.08.25"]
[EventRounds "9"]
[EventCountry "BIH"]
[WhiteTeam "ŠK Cazin"]
[BlackTeam "ŠK Bihac"]

1. Nf3 g6 2. c4 Bg7 3. Nc3 d6 4. g3 e5 5. Bg2 Nc6 6. d3 Nge7 7. O-O O-O 8. Rb1
f5 9. e4 a5 10. Nd5 Nxd5 11. cxd5 Ne7 12. a3 1/2-1/2

[Event "1A liga SSFBiH"]
[Site "Bosanska Krupa, hotel "]
[Date "2018.08.29"]
[Round "8.4"]
[White "Abdic, Adnan"]
[Black "Arnaut, Armin"]
[Result "1/2-1/2"]
[WhiteElo "2123"]
[BlackElo "2070"]
[PlyCount "82"]
[EventDate "2018.08.25"]
[EventRounds "9"]
[EventCountry "BIH"]
[WhiteTeam "ŠK Cazin"]
[BlackTeam "ŠK Bihac"]

1. e4 c5 2. Nf3 Nc6 3. Nc3 g6 4. d4 cxd4 5. Nxd4 Bg7 6. Be3 Nf6 7. Bc4 O-O 8.
Bb3 d6 9. f3 Qa5 10. Qd2 Bd7 11. O-O Nxd4 12. Bxd4 Bc6 13. Rad1 Qh5 14. Qf2 a6
15. Rfe1 Nd7 16. Nd5 Bxd5 17. Bxg7 Kxg7 18. Rxd5 Qh6 19. c3 Kg8 20. h3 Nc5 21.
e5 Nxb3 22. axb3 dxe5 23. Rexe5 e6 24. Rd4 Rfd8 25. Ree4 Qg5 26. f4 Qa5 27. b4
Qc7 28. Qd2 Rac8 29. Kh1 h5 30. c4 Kg7 31. b3 Qb6 32. c5 Qc7 33. Re1 Kg8 34.
Rd6 Rxd6 35. cxd6 Qb6 36. Kh2 Rd8 37. Rd1 h4 38. Kh1 Rd7 39. Kh2 Rd8 40. Kh1
Rd7 41. Kh2 Qd8 1/2-1/2

[Event "1A liga SSFBiH"]
[Site "Bosanska Krupa, hotel "]
[Date "2018.08.29"]
[Round "8.6"]
[White "Nuhic, Amir"]
[Black "Stankovic, Dragan"]
[Result "1-0"]
[WhiteElo "2155"]
[BlackElo "1924"]
[PlyCount "101"]
[EventDate "2018.08.25"]
[EventRounds "9"]
[EventCountry "BIH"]
[WhiteTeam "ŠK Cazin"]
[BlackTeam "ŠK Bihac"]

1. e4 c6 2. d4 d5 3. Nc3 dxe4 4. Nxe4 Bf5 5. Ng3 Bg6 6. Nf3 Nd7 7. h4 h6 8. h5
Bh7 9. Bd3 Bxd3 10. Qxd3 e6 11. Bf4 Qa5+ 12. Bd2 Qc7 13. O-O-O Bd6 14. Ne4 Bf4
15. Kb1 Bxd2 16. Nfxd2 Ngf6 17. Qa3 c5 18. dxc5 O-O 19. Rhg1 Nxe4 20. Nxe4 Rfc8
21. Nd6 Rd8 22. Nb5 Qxc5 23. Qxc5 Nxc5 24. Rxd8+ Rxd8 25. Nxa7 Ne4 26. f3 Ng3
27. c4 Nxh5 28. c5 Rd2 29. b4 Nf4 30. b5 Nd3 31. c6 bxc6 32. bxc6 Rb2+ 33. Ka1
Rc2 34. Rd1 Nb4 35. Kb1 Rc4 36. Rc1 Rxc1+ 37. Kxc1 Nd5 38. Nb5 Ne7 39. c7 Nc8
40. Kc2 Kf8 41. Kc3 Ke7 42. Kc4 Kd7 43. Kc5 e5 44. a4 f5 45. Kd5 Nb6+ 46. Kxe5
Nxa4 47. Kxf5 Nc5 48. Kg6 Ne6 49. g3 Kc8 50. f4 Kd7 51. f5 1-0

[Event "1A liga SSFBiH"]
[Site "Bosanska Krupa, hotel "]
[Date "2018.08.29"]
[Round "8.1"]
[White "Zajic, Milan"]
[Black "Obad, Andrija"]
[Result "1-0"]
[WhiteElo "2503"]
[BlackElo "2288"]
[PlyCount "89"]
[EventDate "2018.08.25"]
[EventRounds "9"]
[EventCountry "BIH"]
[WhiteTeam "ŠK Goražde"]
[BlackTeam "ŠK Inzio-Tušanj, Tuzla"]

1. e4 c5 2. Nf3 d6 3. d4 cxd4 4. Nxd4 Nf6 5. Nc3 a6 6. Be2 e5 7. Nf3 Be7 8. Bg5
Be6 9. Bxf6 Bxf6 10. O-O Nc6 11. Nd5 Bxd5 12. Qxd5 O-O 13. c3 Qb6 14. Qd2 Rac8
15. Bc4 Nd4 16. Bxf7+ Rxf7 17. cxd4 exd4 18. Rad1 Re7 19. Rfe1 Rce8 20. Nxd4
Rxe4 21. Rxe4 Rxe4 22. Nf3 Re8 23. b3 Rd8 24. Qd5+ Kf8 25. Nd4 Re8 26. Ne6+ Ke7
27. Re1 Kd7 28. Nc5+ Kc7 29. Rxe8 Qxc5 30. Qxc5+ dxc5 31. Kf1 b5 32. Ke2 Kb6
33. Kd3 Ka5 34. Re6 Bd4 35. f4 Bg1 36. h3 h6 37. g4 Bd4 38. g5 hxg5 39. fxg5
Bf2 40. Rg6 Bd4 41. h4 Bb2 42. h5 Bd4 43. h6 gxh6 44. gxh6 Ba1 45. h7 1-0

[Event "1A liga SSFBiH"]
[Site "Bosanska Krupa, hotel "]
[Date "2018.08.29"]
[Round "8.2"]
[White "Jeremic, Milan"]
[Black "Vukic, Milan"]
[Result "0-1"]
[WhiteElo "2181"]
[BlackElo "2386"]
[PlyCount "124"]
[EventDate "2018.08.25"]
[EventRounds "9"]
[EventCountry "BIH"]
[WhiteTeam "ŠK Inzio-Tušanj, Tuzla"]
[BlackTeam "ŠK Goražde"]

1. d4 Nf6 2. Nf3 d6 3. c4 Nbd7 4. Nc3 c6 5. e3 e5 6. dxe5 dxe5 7. Be2 Be7 8.
O-O O-O 9. b3 Re8 10. Qc2 Bf8 11. Bb2 Qc7 12. Rfd1 a5 13. Ng5 Be7 14. Rd2 Nc5
15. Rad1 g6 16. e4 Nfd7 17. Nf3 Bf8 18. Na4 Nxa4 19. bxa4 Nc5 20. h3 f6 21. Nh2
Be6 22. Ng4 Be7 23. Ba3 Kg7 24. Bxc5 Bxc5 25. Rd3 h5 26. Ne3 Rad8 27. g4 h4 28.
Kf1 Rxd3 29. Qxd3 Bd4 30. Ng2 g5 31. Ne3 Rd8 32. Nf5+ Kf7 33. Qa3 b6 34. Qd3
Rd7 35. Qf3 Bc5 36. Rxd7+ Qxd7 37. Qd3 Qc7 38. Kg2 Qb8 39. Kf1 Qf8 40. Kg2 Ke8
41. Kf1 Bd7 42. Kg2 Kd8 43. Qf3 Kc7 44. Qd3 Be6 45. Kf1 Bc8 46. Qd1 Ba3 47. Kg2
Qc5 48. Ne3 Bb2 49. Nf5 Be6 50. Qd3 Bd4 51. Nxd4 exd4 52. Kf1 Kd6 53. Kg2 Ke5
54. f3 Qb4 55. Kf2 Qxa4 56. Qb1 Qb4 57. Qc2 a4 58. Bd1 Bxc4 59. Qxa4 Qxa4 60.
Bxa4 b5 61. Bb3 Bxb3 62. axb3 c5 0-1

[Event "1A liga SSFBiH"]
[Site "Bosanska Krupa, hotel "]
[Date "2018.08.29"]
[Round "8.3"]
[White "Muratovic, Efim"]
[Black "Budimir, Boris"]
[Result "1-0"]
[WhiteElo "2383"]
[BlackElo "2203"]
[PlyCount "67"]
[EventDate "2018.08.25"]
[EventRounds "9"]
[EventCountry "BIH"]
[WhiteTeam "ŠK Goražde"]
[BlackTeam "ŠK Inzio-Tušanj, Tuzla"]

1. Nf3 Nf6 2. g3 g6 3. Bg2 Bg7 4. O-O O-O 5. c4 c5 6. d4 d6 7. dxc5 dxc5 8.
Qxd8 Rxd8 9. Ne5 Nfd7 10. Nxd7 Rxd7 11. Nc3 Nc6 12. Na4 Rd4 13. b3 Rxc4 14.
bxc4 Bxa1 15. Nxc5 Bd4 16. Ba3 Bxc5 17. Bxc5 Be6 18. Rc1 Rc8 19. Be3 b6 20. Bd5
Nb4 21. Bxe6 fxe6 22. a3 Na6 23. Kg2 e5 24. Kf3 Kf7 25. Ke4 Ke6 26. Kd3 Nc5+
27. Kc3 Kd6 28. Rd1+ Kc6 29. Rd5 Nd7 30. f3 e6 31. Rd1 Nf6 32. Bg5 Nd7 33. Be7
Re8 34. Rd6+ 1-0

[Event "1A liga SSFBiH"]
[Site "Bosanska Krupa, hotel "]
[Date "2018.08.29"]
[Round "8.4"]
[White "Dugonjic, Dragan"]
[Black "Stavnjak, Lazar"]
[Result "1/2-1/2"]
[WhiteElo "2036"]
[BlackElo "2221"]
[PlyCount "79"]
[EventDate "2018.08.25"]
[EventRounds "9"]
[EventCountry "BIH"]
[WhiteTeam "ŠK Inzio-Tušanj, Tuzla"]
[BlackTeam "ŠK Goražde"]

1. c4 c5 2. Nf3 Nc6 3. d4 cxd4 4. Nxd4 Nf6 5. Nc3 g6 6. e4 Bg7 7. Be3 d6 8. Be2
O-O 9. O-O Qa5 10. Nb3 Qd8 11. h3 Be6 12. Nd4 Nxd4 13. Bxd4 Qa5 14. Rc1 Rac8
15. b3 a6 16. Qd3 Nd7 17. Bxg7 Kxg7 18. f4 f5 19. Bf3 Nf6 20. Qd4 b5 21. exf5
gxf5 22. g4 b4 23. Nd5 Bxd5 24. cxd5 fxg4 25. hxg4 Kg8 26. g5 Rxc1 27. Rxc1 Ne8
28. Bg4 Ng7 29. Rc2 Qb5 30. Rc7 Rxf4 31. Qxf4 Qb6+ 32. Kf1 Qxc7 33. Be6+ Nxe6
34. dxe6 Qd8 35. Qf7+ Kh8 36. g6 hxg6 37. Qxg6 Qf8+ 38. Ke2 Qg7 39. Qe8+ Kh7
40. Qh5+ 1/2-1/2

[Event "1A liga SSFBiH"]
[Site "Bosanska Krupa, hotel "]
[Date "2018.08.29"]
[Round "8.5"]
[White "Sadikovic, Jasmin"]
[Black "Zupcevic, Nedim"]
[Result "1-0"]
[WhiteElo "2078"]
[BlackElo "2051"]
[PlyCount "63"]
[EventDate "2018.08.25"]
[EventRounds "9"]
[EventCountry "BIH"]
[WhiteTeam "ŠK Goražde"]
[BlackTeam "ŠK Inzio-Tušanj, Tuzla"]

1. e4 d6 2. d4 Nf6 3. Nc3 g6 4. Nf3 c6 5. a4 Bg7 6. Bc4 O-O 7. Qe2 d5 8. exd5
cxd5 9. Bb3 Bg4 10. h3 Bxf3 11. Qxf3 Nc6 12. Be3 e5 13. dxe5 Nxe5 14. Qd1 Nc4
15. Bxc4 dxc4 16. O-O Qa5 17. Qf3 Qb4 18. Bd4 Nh5 19. Nd5 Qd6 20. Bxg7 Nxg7 21.
Rad1 f5 22. Rfe1 Kh8 23. Qc3 Rad8 24. Qxc4 Rfe8 25. Rxe8+ Rxe8 26. Qd4 h6 27.
Qxa7 f4 28. Qb6 Qe5 29. Qxg6 Re6 30. Qg4 f3 31. Nf4 Kh7 32. Nxe6 1-0

[Event "1A liga SSFBiH"]
[Site "Bosanska Krupa, hotel "]
[Date "2018.08.29"]
[Round "8.6"]
[White "Mesic, Ismet"]
[Black "Hajvaz, Dzemal"]
[Result "1-0"]
[WhiteElo "1562"]
[BlackElo "2053"]
[PlyCount "117"]
[EventDate "2018.08.25"]
[EventRounds "9"]
[EventCountry "BIH"]
[WhiteTeam "ŠK Inzio-Tušanj, Tuzla"]
[BlackTeam "ŠK Goražde"]

1. e4 c5 2. Nf3 Nc6 3. d4 cxd4 4. Nxd4 e6 5. Be3 Nf6 6. Nc3 Bb4 7. f3 O-O 8.
Be2 d5 9. Nxc6 bxc6 10. exd5 Nxd5 11. Bd2 Bxc3 12. bxc3 Qh4+ 13. g3 Qf6 14. c4
Nc3 15. Bxc3 Qxc3+ 16. Kf2 Ba6 17. Qd3 Qa5 18. Qe4 g6 19. h4 Qc5+ 20. Kg2 h5
21. Rhd1 Rad8 22. Rd3 e5 23. Rad1 f5 24. Qe3 Qxe3 25. Rxe3 Rxd1 26. Bxd1 Bxc4
27. Rc3 Bb5 28. Kf2 Rd8 29. Ke1 Rd4 30. Rc5 e4 31. c4 exf3 32. Bb3 Ba6 33. Rxc6
Bb7 34. Rxg6+ Kf7 35. Rg5 Kf6 36. Rxh5 Rg4 37. Kf2 f4 38. gxf4 Rg2+ 39. Kf1 Be4
40. Rd5 Bxd5 41. cxd5 Kf5 42. h5 Rh2 43. d6 Rd2 44. h6 Rxd6 45. h7 Rh6 46. Bc2+
Kxf4 47. Kf2 Rh2+ 48. Kg1 Kg3 49. Be4 Rxa2 50. h8=Q Rg2+ 51. Kf1 Rf2+ 52. Kg1
Rg2+ 53. Kh1 Re2 54. Qe5+ Kf2 55. Qf4 Re3 56. Kh2 a5 57. Bxf3 Rxf3 58. Qd2+ Kf1
59. Qg2+ 1-0

[Event "1A liga SSFBiH"]
[Site "Bosanska Krupa, hotel "]
[Date "2018.08.30"]
[Round "9.1"]
[White "Sutkovic, Damir"]
[Black "Zajic, Milan"]
[Result "1/2-1/2"]
[WhiteElo "2351"]
[BlackElo "2503"]
[PlyCount "96"]
[EventDate "2018.08.25"]
[EventRounds "9"]
[EventCountry "BIH"]
[WhiteTeam "ŠK Cazin"]
[BlackTeam "ŠK Goražde"]

1. d4 Nf6 2. c4 e6 3. Nc3 Bb4 4. e3 c5 5. Nge2 cxd4 6. exd4 d5 7. a3 Be7 8. Ng3
O-O 9. Bd3 dxc4 10. Bxc4 Nbd7 11. O-O Nb6 12. Be2 Bd7 13. Bf3 Bc6 14. Bxc6 bxc6
15. Be3 Rb8 16. Qe2 Nbd5 17. Nge4 Qb6 18. b4 a5 19. Nxf6+ Bxf6 20. Na4 Qb5 21.
Qxb5 Rxb5 22. bxa5 Rxa5 23. Nc5 Rfa8 24. a4 Nc3 25. Rfe1 Nxa4 26. Reb1 h5 27.
Nd7 Bd8 28. Rb8 Rxb8 29. Nxb8 Nc3 30. Rxa5 Bxa5 31. Nxc6 Bb6 32. Kf1 f6 33. Ke1
g5 34. h3 Nd5 35. Ke2 Kf7 36. Kd3 h4 37. Bd2 Kg6 38. Nb4 Ne7 39. Ke4 Ba5 40.
Kd3 Bxb4 41. Bxb4 Nd5 42. Bd6 Kf5 43. g4+ hxg3 44. fxg3 g4 45. hxg4+ Kxg4 46.
Ke4 Nb6 47. Be7 Nd5 48. Bxf6 Nxf6+ 1/2-1/2

[Event "1A liga SSFBiH"]
[Site "Bosanska Krupa, hotel "]
[Date "2018.08.30"]
[Round "9.2"]
[White "Vukic, Milan"]
[Black "Dumpor, Atif"]
[Result "1/2-1/2"]
[WhiteElo "2386"]
[BlackElo "2303"]
[PlyCount "82"]
[EventDate "2018.08.25"]
[EventRounds "9"]
[EventCountry "BIH"]
[WhiteTeam "ŠK Goražde"]
[BlackTeam "ŠK Cazin"]

1. Nf3 Nf6 2. g3 g6 3. Bg2 Bg7 4. O-O O-O 5. d4 d5 6. c3 Nbd7 7. Nbd2 Nb6 8.
Re1 c6 9. e4 dxe4 10. Nxe4 Nxe4 11. Rxe4 Nd5 12. Re1 Bg4 13. h3 Bxf3 14. Bxf3
Qd7 15. h4 h5 16. Qc2 Rfe8 17. Bd2 e5 18. dxe5 Rxe5 19. Rxe5 Bxe5 20. Kg2 Re8
21. Rd1 Nb6 22. b3 Qc7 23. Re1 Rd8 24. Bg5 Rf8 25. c4 Nd7 26. Qd2 a5 27. Be7
Re8 28. Qg5 Bf6 29. Bxf6 Rxe1 30. Bc3 Re6 31. Bxh5 Ne5 32. Be2 f6 33. Qh6 Qg7
34. Qxg7+ Kxg7 35. Bxa5 c5 36. Bc3 Ra6 37. a4 Rb6 38. Bd1 Rd6 39. Bc2 Kf7 40.
Kf1 b6 41. Be4 Nd3 1/2-1/2

[Event "1A liga SSFBiH"]
[Site "Bosanska Krupa, hotel "]
[Date "2018.08.30"]
[Round "9.3"]
[White "Komic, Ibrahim"]
[Black "Muratovic, Efim"]
[Result "1-0"]
[WhiteElo "2193"]
[BlackElo "2383"]
[PlyCount "83"]
[EventDate "2018.08.25"]
[EventRounds "9"]
[EventCountry "BIH"]
[WhiteTeam "ŠK Cazin"]
[BlackTeam "ŠK Goražde"]

1. d4 Nf6 2. Nf3 e6 3. c4 Bb4+ 4. Nbd2 c5 5. a3 Bxd2+ 6. Qxd2 cxd4 7. Nxd4 O-O
8. e3 d5 9. b4 Ne4 10. Qc2 a5 11. Rb1 axb4 12. axb4 Nd7 13. Bd3 Ndf6 14. O-O
Bd7 15. cxd5 Ba4 16. Qb2 Qxd5 17. f3 e5 18. Bxe4 Nxe4 19. fxe4 Qxe4 20. Nf3
Rac8 21. Bd2 Rc2 22. Qa3 Bc6 23. Rb2 Rc4 24. b5 Bd5 25. Rb4 Rfc8 26. Rxc4 Bxc4
27. Rc1 f6 28. Qb4 h5 29. Rc3 Qg4 30. h3 Qe6 31. Be1 Bd5 32. e4 Ba2 33. Rxc8+
Qxc8 34. Bg3 Qd7 35. Qd2 Qe6 36. Qd8+ Kf7 37. Bxe5 Kg6 38. Qd6 Qe8 39. Nh4+ Kh7
40. Bxf6 gxf6 41. Qxf6 Qxe4 42. Nf5 1-0